Statistics for Charli XCX Charting Songs (Billboard Club Play)

Click here to take the quiz!

General Stats

  • This quiz has been taken 6 times
  • The average score is 5 of 6

Answer Stats

AlbumWeeks OnPeakArtist(s)Song% Correct
The Fault In Our Stars12 Weeks#13Charli XCXBoom Clap
100%
The New Classic15 Weeks#1 (1 Week)Iggy Azalea ft. Charli XCXFancy
100%
Icona Pop and This Is... Icona Pop32 Weeks#25Icona Pop ft. Charli XCXI Love It
83%
Charli2 Weeks#48Icona Pop & Troye Sivan1999
67%
Phoenix11 Weeks#6Rita Ora, Cardi B, Bebe Rexha & Charli XCXGirls
67%
Sucker10 Weeks#36Icona PopBreak the Rules
50%

Score Distribution

Percentile by Number Answered

Percent of People with Each Score

Your Score History

You have not taken this quiz